The new supply chain agenda : (Record no. 32358)

000 -LEADER
fixed length control field 00806nam a22002177a 4500
008 - FIXED-LENGTH DATA ELEMENTS--GENERAL INFORMATION
fixed length control field 260128b |||||||| |||| 00| 0 eng d
020 ## - INTERNATIONAL STANDARD BOOK NUMBER
International Standard Book Number 9781422149362
050 ## - LIBRARY OF CONGRESS CALL NUMBER
Classification number HD38.5
Item number .S575 2010
100 ## - MAIN ENTRY--PERSONAL NAME
Personal name Slone, Reuben E.
245 ## - TITLE STATEMENT
Title The new supply chain agenda :
Remainder of title the 5 steps that drive real value /
Statement of responsibility, etc. Reuben E. Slone, J. Paul Dittmann, and John T. Mentzer.
260 ## - PUBLICATION, DISTRIBUTION, ETC. (IMPRINT)
Place of publication, distribution, etc. Boston, MA :
Name of publisher, distributor, etc. Harvard Business Review Press,
Date of publication, distribution, etc. 2010.
300 ## - PHYSICAL DESCRIPTION
Extent 216 pages ;
Dimensions 24 cm.
504 ## - BIBLIOGRAPHY, ETC. NOTE
Bibliography, etc Includes bibliographical references and index.
650 ## - SUBJECT ADDED ENTRY--TOPICAL TERM
Topical term or geographic name as entry element Business logistics.
650 ## - SUBJECT ADDED ENTRY--TOPICAL TERM
Topical term or geographic name as entry element Supply chain management.
650 ## - SUBJECT ADDED ENTRY--TOPICAL TERM
Topical term or geographic name as entry element Organizational collaboration.
650 ## - SUBJECT ADDED ENTRY--TOPICAL TERM
Topical term or geographic name as entry element Economic profit.
700 ## - ADDED ENTRY--PERSONAL NAME
Personal name Dittmann, J. Paul.
700 ## - ADDED ENTRY--PERSONAL NAME
Personal name Mentzer, John T.
942 ## - ADDED ENTRY ELEMENTS (KOHA)
Source of classification or shelving scheme
Classification part HD38.5 .S575 2010
Koha item type Hard Covered Materials
Holdings
Withdrawn status Lost status Source of classification or shelving scheme Damaged status Not for loan Home library Current library Shelving location Date acquired Source of acquisition Cost, normal purchase price Total Checkouts Full call number Barcode Date last seen Price effective from Koha item type
          MACHAKOS UNIVERSITY LIBRARY MACHAKOS UNIVERSITY LIBRARY Open shelf 20/11/2025 corporate campus 4055.00   HD38.5 .S575 2010 40302 28/01/2026 28/01/2026 Hard Covered Materials
© Machakos University Library, Along The Highway, Machakos Wote Rd, Machakos, Kenya P.O. Box 136 - 90100 Machakos - Kenya

Tel: ( +254 ) 723 805829 OR Fax : 044-20353 OR Email: library@mksu.ac.ke